000 00659nam a22001937a 4500
999 _c102311
_d102311
005 20181201142420.0
010 _aENG-117387
020 _c495.00
035 _aEN-100919
037 _bDBAD/PUB
082 _a880
100 _aMalik,R.S.
245 _aEnglish for UGC-NET/JRF/SLET,(paper II and III)and other competitive examinations :) /
_cby ,R.S. Malik
_bobjective type questions with solution /
260 _aNew Delhi
_bAtlantic Publishers and Distrubutors
_c2017
270 _a7/22,Ansari Road,Daryaganj
_bNew Delhi
_e110002
300 _a600p.
_b24cm.(pbk)
500 _a ISBN Number same-B-648680
942 _2ddc
_cEN
_mMAL
_h880